000 00884nam a2200253 a 4500
001 BRCA_3795
005 20190320204428.0
008 151109s1951----mx-a---###---#000-0#spa-#
041 _aspa
044 _amx
050 4 _aNA5257
_b.M39 1951
100 1 _aMaza, Francisco de la
_d1913-1972
_9278
245 1 0 _aEl Palacio de la Inquisición (Escuela de Medicina)
_cFrancisco de la Maza.
260 _aMéxico
_bUNAM, Instituto de Investigaciones Estéticas
_c1951
300 _a81 p.
_bil., 40 láminas
_c20 cm.
440 0 _aEdiciones del iv Centenario de la Universidad de México
_v9
_99886
500 _aIncluye índice de materias e índice de ilustraciones.
500 _aB154
610 2 4 _aPalacio de la Inquisición
_z(Ciudad de México)
_99887
650 1 4 _aArquitectura
_zMéxico.
_9596
710 2 _aEscuela Nacional de Medicina.
_99888
902 _aGFM
942 _2lcc
_cB
999 _c3524
_d3524